000
00292nam a22001337a 4500
008
170414b xxu||||| |||| 00| 0 eng d
020
_a
9780140127089
041
_a
eng
080
_a
612.39
100
_a
10
101
_a
SHM
245
_a
THE GREEN CONSUME
_c
ELKINGTON. J
942
_2
udc
_c
BK
999
_c
10794
_d
10794